Barvy krásy. Sophiin triumf/
Další osudy Sofie, hlavní hrdinky románové série oblíbené německé autorky. Svět kosmetiky a ženské krásy dokáže být krutý a přežijí jen ti nejsilnější. Bude Sofie dost silná na to, aby rozjela svou vlastní kosmetickou firmu?
Uloženo v:
| Série: | Barvy krásy,
část 3 |
|---|---|
| Hlavní autor: | |
| Další autoři: | |
| Médium: | E-kniha |
| Jazyk: | Czech |
| Vydáno: |
Praha :
Ikar,
2023
|
| Vydání: | Vydání první |
| Témata: | |
| Příbuzné jednotky: | Z cyklu::
Barvy krásy |
| Tagy: |
Žádné tagy |
| LEADER | 02643nam a2200481 i 4500 | ||
|---|---|---|---|
| 001 | 311935 | ||
| 003 | CZ PrSKC | ||
| 005 | 20260601215714.0 | ||
| 007 | ta | ||
| 008 | 230510s2023 xr g 000 f cze | ||
| 015 | |a cnb003491997 | ||
| 020 | |a 9788024950310 |q (vázáno) | ||
| 035 | |a (OCoLC)1381702737 | ||
| 040 | |a ABG001 |b cze |e rda | ||
| 041 | 1 | |a cze |h ger | |
| 072 | 7 | |a 821.112.2-3 |x Německá próza, německy psaná |2 Konspekt | |
| 080 | |a 821.112.2-31 |2 MRF | ||
| 080 | |a (0:82-31)-055.2 |2 MRF | ||
| 100 | 1 | |a Bomann, Corina, |d 1974- |7 xx0182405 |4 aut | |
| 240 | 1 | 0 | |a Sophias Triumph. |l Česky |
| 245 | 1 | 0 | |a Barvy krásy. |p Sophiin triumf/ |c Corina Bomannová ; z německého originálu Die Farben der Schönheit - Sophias Triumph ... přeložila Dagmar Hoangová |
| 246 | 3 | 0 | |a Sophiin triumf |
| 250 | |a Vydání první | ||
| 264 | 1 | |a Praha : |b Ikar, |c 2023 | |
| 300 | |a 357 stran ; |c 24 cm | ||
| 336 | |a text |b txt |2 rdacontent | ||
| 337 | |a bez média |b n |2 rdamedia | ||
| 338 | |a svazek |b nc |2 rdacarrier | ||
| 500 | |a Název v tiráži: Barvy krásy 3 | ||
| 520 | 2 | |a Další osudy Sofie, hlavní hrdinky románové série oblíbené německé autorky. Svět kosmetiky a ženské krásy dokáže být krutý a přežijí jen ti nejsilnější. Bude Sofie dost silná na to, aby rozjela svou vlastní kosmetickou firmu? |b New York, 30. léta 20. století. Sophia stojí v životě znovu na rozcestí. Má za sebou nechat "pudrovou válku" a začít znovu? Když se překvapivě objeví u jejích dveří těžce nemocná přítelkyně Henny, nechá své návrhy na vlastní kosmetickou firmu spát a vrátí se k Heleně Rubinsteinové. Soukromé štěstí najde ve velké lásce k Darrenovi, který ji požádá o ruku. Nakonec ale vypukne druhá světová válka a hrozí zničit všechno, co je jí milé a drahé. Nakladatelská anotace. | |
| 655 | 7 | |a německé romány |7 fd132945 |2 czenas | |
| 655 | 7 | |a romány pro ženy |7 fd187897 |2 czenas | |
| 655 | 9 | |a German fiction |2 eczenas | |
| 655 | 9 | |a women's novels |2 eczenas | |
| 700 | 1 | |a Hoangová, Dagmar |7 xx0068788 |4 trl | |
| 765 | 1 | |t Farben der Schönheit | |
| 787 | 0 | 8 | |i Z cyklu: |t Barvy krásy |g 3 |
| 900 | |a ABA001 |b 21 | ||
| 928 | 9 | |a Euromedia Group - Ikar | |
| 044 | |a xr | ||
| 910 | |a RBIT002 | ||
| 998 | |d 375928 |a https://core.palmknihy.cz/api/books/375928/cover?ru2oal |b https://core.palmknihy.cz/api/books/375928/cover/400?ru2oal |c https://core.palmknihy.cz/api/books/375928/cover/50?ru2oal |e 2027-05-06 |g 360 |i 9788024950310 |j https://core.palmknihy.cz/api/books/375928/preview.epub |l |q 49 |r 1 |s https://www.palmknihy.cz/kniha/375928 |t ebook |y 2023 |z 0 |v Barvy krásy |w 3 | ||
| 999 | |d 311933 | ||